Представление документа в формате MARC21

ПолеНазваниеЗначение
  Тип записи a
  Библиографический уровень m
001 Контрольный номер RU\infra-m\znanium\bibl\1971854
005 Дата корректировки 20230313235259.7
008 Кодируемые данные 230221s2023 RU g rus u
020 Индекс ISBN __
a ISBN 978-5-16-018309-1
020 Индекс ISBN __
a ISBN 978-5-16-111321-9
040 Источник каталогиз. __
a Служба первич. каталог. Общество с ограниченной ответственностью «ЗНАНИУМ»
041 Код языка издания __
a Код языка текста rus
044 Код страны публикации __
a Код страны публикации RU
080 Индекс УДК __
a Индекс УДК 781.2(075.8)
084 Индекс другой классификации/Индекс ББК __
2 Источник индекса rubbk
a Индекс другой классификации/Индекс ББК 85.31
084 Индекс другой классификации/Индекс ББК __
2 Источник индекса okso
a Индекс другой классификации/Индекс ББК 53.05.01
084 Индекс другой классификации/Индекс ББК __
2 Источник индекса okso
a Индекс другой классификации/Индекс ББК 53.05.04
084 Индекс другой классификации/Индекс ББК __
2 Источник индекса okso
a Индекс другой классификации/Индекс ББК 53.05.02
084 Индекс другой классификации/Индекс ББК __
2 Источник индекса okso
a Индекс другой классификации/Индекс ББК 53.05.06
084 Индекс другой классификации/Индекс ББК __
2 Источник индекса okso
a Индекс другой классификации/Индекс ББК 53.05.03
084 Индекс другой классификации/Индекс ББК __
2 Источник индекса okso
a Индекс другой классификации/Индекс ББК 53.05.05
084 Индекс другой классификации/Индекс ББК __
2 Источник индекса okso
a Индекс другой классификации/Индекс ББК 44.03.01
084 Индекс другой классификации/Индекс ББК __
2 Источник индекса okso
a Индекс другой классификации/Индекс ББК 44.03.05
084 Индекс другой классификации/Индекс ББК __
2 Источник индекса okso
a Индекс другой классификации/Индекс ББК 53.03.01
084 Индекс другой классификации/Индекс ББК __
2 Источник индекса okso
a Индекс другой классификации/Индекс ББК 53.03.06
084 Индекс другой классификации/Индекс ББК __
2 Источник индекса okso
a Индекс другой классификации/Индекс ББК 53.03.02
084 Индекс другой классификации/Индекс ББК __
2 Источник индекса okso
a Индекс другой классификации/Индекс ББК 53.03.03
084 Индекс другой классификации/Индекс ББК __
2 Источник индекса okso
a Индекс другой классификации/Индекс ББК 53.03.05
084 Индекс другой классификации/Индекс ББК __
2 Источник индекса okso
a Индекс другой классификации/Индекс ББК 53.03.04
100 Автор __
a Автор Сиксимова Марина Васильевна
q Полное имя Марина Васильевна
245 Заглавие __
a Заглавие Сольфеджио и теория музыки: практикум
b Продолж. заглавия Учебное пособие
c Ответственность Волгоградский государственный институт искусств и культуры
250 Сведения об издании __
a Основные сведения об издании 1
260 Выходные данные __
a Место издания Москва
b Издательство ООО "Научно-издательский центр ИНФРА-М"
c Дата издания 2023
300 Физическое описание __
a Объем 164 с.
440 Серия __
a Серия Высшее образование
520 Аннотация __
a Аннотация В учебном пособии объединены все основные виды и формы практической работы по дисциплинам музыкально-теоретического цикла а также основные темы по музыкальной грамоте и теории музыки формы контрольных работ (экзаменационные) которые как правило представлены в подобных изданиях обособленно без соблюдения комплексного подхода. Детально разработаны и представлены формы планирования и методы реализации самостоятельной работы студентов. Предлагаемый принцип системного обучения помогает в практическом освоении дисциплин способствует приобретению необходимых профессиональных знаний умений и навыков.
521 Примеч. о цел. назн. __
a Примеч. о целев. назн. Профессиональное образование
650 Тематические рубрики __
a Основная рубрика Архитектура. Искусство
x Основная подрубрика Теория и история музыки. Музыковедение
856 Электронный адрес документа 4_
a Имя сервера/домена znanium.com
m Помощь ebs_support@infra-m.ru
n Местонахождение сервера НИЦ ИНФРА-М
u URL https://znanium.com/catalog/document?id=426323
856 Электронный адрес документа 41
a Имя сервера/домена znanium.com
d Путь /cover/1971
f Электронное имя 1971854.jpg
q Тип электронного формата image/jpeg
u URL https://znanium.com/cover/1971/1971854.jpg
911 __
u 0030=https://znanium.com/catalog/document?id=426323
911 __
u 608a=Учебное пособие
u 6082=local
911 __
u 9031=854
911 __
u 951p=s://znanium.com/catalog/document?id=426323&pid=